Meteorological measurements and instrumentation

Kaydedildi:
Detaylı Bibliyografya
Yazar: Harrison, Giles R (Yazar)
Materyal Türü: Kitap
Dil:İngilizce
Baskı/Yayın Bilgisi: Ames Wiley Blackwell 2016
Edisyon:1a. ed
Seri Bilgileri:Advancing Weather and Climate Science Series
Konular:
Etiketler: Etiketle
Etiket eklenmemiş, İlk siz ekleyin!

MARC

LEADER 00000cam a2200000 a 4500
001 UCC1134
003 CL-VaPUC
008 170929e20160000us |||||||||||||||||eng|d
020 |a 9781118745809 
082 0 4 |a 551.64  |b HAR  |2 21 
100 0 |a Harrison, Giles R  |e author  |9 595174 
245 1 0 |a Meteorological measurements and instrumentation 
250 |a 1a. ed 
300 |a 257 p 
942 |c BK 
945 |d 20170929 13:43:00  |a arojas 
260 |a Ames  |b Wiley Blackwell  |c 2016 
650 0 |a Metereología   |9 369230 
650 0 |a Ciencias de la tierra  |9 261541 
650 0 |a Climatología   |9 262302 
583 |a last modification  |c 20170929 13:43:00  |k Rodrigo Vera 
490 0 |a Advancing Weather and Climate Science Series 
999 |c 369709  |d 369707 
952 |0 0  |1 0  |3 erd  |4 0  |6 551_640000000000000_HAR_2016  |7 0  |8 CCM  |9 485691  |a BIBCUR  |b BIBCUR  |i 5426111  |o 551.64 HAR 2016  |p 5426111  |r 2025-04-22  |w 2019-11-24  |y BK  |z Catalogado en:20170929  |k CIM 
952 |0 0  |1 0  |3 erd  |4 0  |6 551_640000000000000_HAR_2016  |7 0  |8 CCM  |9 485692  |a BIBCUR  |b BIBCUR  |i 542612K  |o 551.64 HAR 2016  |p 542612K  |r 2025-04-22  |w 2019-11-24  |y BK  |z Catalogado en:20170929  |k CIM